Jet Punk dans l'ordre alphabétique en 30 secondes - Statistiques

Statistiques générales
  • Ce quiz a été pris 134 fois
  • Le résultat moyen est 7 sur 7
Statistiques - réponses
Hint Réponse % Correct
1 E
100%
2 J
99%
3 K
97%
4 N
94%
5 P
93%
6 T
90%
7 U
87%
Aucun quiz correspondant
Distribution des résultats
% des personnes avec chaque résultat
Percentile par nombre de réponses
Votre historique - résultats
Vous n’avez pas pris ce quiz